Normal view
MARC view
- أ.دال ،روبرت ،ابو زيد ،علا ، ترجمة ،هلال ،على الدين ، مراجعة
Entry Personal Name
001 - CONTROL NUMBER
- control field: 20920
003 - CONTROL NUMBER IDENTIFIER
- control field: JO-AjAnu
005 - DATE AND TIME OF LATEST TRANSACTION
- control field: 20230606073631.0
008 - FIXED-LENGTH DATA ELEMENTS
- fixed length control field: 230606|| aca||aabn | a|a d
040 ## - CATALOGING SOURCE
- Original cataloging agency: JO-AjAnu
- Transcribing agency: JO-AjAnu
100 ## - HEADING--PERSONAL NAME
- Personal name: أ.دال ،روبرت ،ابو زيد ،علا ، ترجمة ،هلال ،على الدين ، مراجعة
670 ## - SOURCE DATA FOUND
- Source citation: Work cat.: (JO-AjAnu)10749: أ.دال ،روبرت ،ابو زيد ،علا ، ترجمة ،هلال ،على الدين ، مراجعة, author, التحليل السياسي الحديث